Ένα νέο χειρόγραφο του σαμιώτη ποιητή Γεωργίου Κλεάνθη

Αποθηκεύτηκε σε:
Λεπτομέρειες βιβλιογραφικής εγγραφής
Κύριος συγγραφέας: Βαρβούνης, Εμμανουήλ Γερ., 1966-
Μορφή: Βιβλίο
Γλώσσα:Greek
Δημοσίευση: Αθήναι : [χ. ό.], 2000.
Θέματα:
Ετικέτες: Προσθήκη ετικέτας
Δεν υπάρχουν, Καταχωρήστε ετικέτα πρώτοι!

MARC

LEADER 00000cam a2200000 a 4500
001 1/118159
008 190301s2000####gr | ||| |||| ||gre||
040 |a GR-MyUa  |b gre  |c GR-MyUa  |e AACR2 
041 0 |a gre 
082 7 |a 889.109  |2 (23) 
100 1 |a Βαρβούνης, Εμμανουήλ Γερ.,   |d 1966- 
245 1 0 |a Ένα νέο χειρόγραφο του σαμιώτη ποιητή Γεωργίου Κλεάνθη   |h [ανάτυπο] /   |c Μανόλη Γ. Βαρβούνη.  
260 |a Αθήναι :   |b [χ. ό.],   |c 2000.  
300 |a 229-236 σ. ;   |c 24 εκ.  
500 |a Ανάτυπον εκ του τόμου ΜΒ' (2000) του περιοδικού "Παρνασσός".  
650 0 |a Greek poetry, Modern  |x History and criticism. 
852 |a INST  |b SAMOS  |e 20190301  |h 889.109 ΒΑΡ  |p 005300045793  |q 005300045793  |t BK  |y 0 
970 |a Γουβάλα  |b Βάσω  |z 01-03-2019